000 01073nam a2200265 c 4500
003 BLK
005 20180420222954.0
008 180408b bul|||||r ||||||| ||bul||
010 _aKNG00064581000
040 _aBLK
041 _aRUS
_cRUS
080 _aПодемно-транспортно оборудване в цялост. Вж и 621.87; 625.08; 625.1/.5; 625.5; 629.1; 658.286.2
_b621.86
_x(075.8)
_z621.86(075.8)
100 1 _aИванченко, Федор К.
_eпърви автор
_971868
139 _aИванченко, Федор К.
_bИ 25 Ф
245 1 0 _aКонструкция и расчет подъемно-транспортных машин
_bУч. пособие для студентов
_cФедор К. Иванченко.
250 _a2. перераб. и доп. изд
260 Киев
_bВища школа
_c1988
300 _a424 с.
_c22 см
380 _a62
852 _aЦб 155364
856 4 _qpdf
_u
856 4 _qpdf
_u
942 _cKNG
_n0
944 _aCR
_c13.06.2004
_kЧиталня
944 _aED
_c15.06.2016
_kПравда_Бадева
999 _c60416
_d60416